Synthesis of medical image data using neural networks

Salvato in:
Dettagli Bibliografici
Autore principale: Majerník, Tomáš (Autore)
Altri autori: Kollár, Maroš (Relatore della tesi)
Natura: Manoscritto Libro
Lingua:slovacco
inglese
Pubblicazione: 2025
Soggetti:
Accesso online:http://is.stuba.sk/zp/portal_zp.pl?podrobnosti=175321
Tags: Aggiungi Tag
Nessun Tag, puoi essere il primo ad aggiungerne!!

MARC

LEADER 00000ntm a22000003a 4500
001 stuzp102920
003 SK-STU
005 20250614211814.7
007 ta
008 150427s2015----xo-----f-mn---000-0-slo-d
040 |a STU  |b slo 
041 0 |a eng 
100 1 |a Majerník, Tomáš  |u 070400  |4 aut  |U FIIT Fakulta informatiky a informačných technológií  |T FIIT Ústav počítačového inžinierstva a aplikovanej informatiky  |X 120843  |U I400  |Y 672  |7 120843 
242 0 1 |a Syntéza medicínskych obrazových dát pomocou neurónových sietí  |y slo 
245 1 0 |a Synthesis of medical image data using neural networks 
260 |c 2025 
650 4 |a Microscopy  |2 eng 
650 4 |a Generation  |2 eng 
650 4 |a DDPM  |2 eng 
650 4 |a Mikroskopia  |2 slo 
650 4 |a Generovanie  |2 slo 
650 4 |a DDPM  |2 slo 
700 1 |a Kollár, Maroš  |u 070400  |k Z3  |4 ths  |U FIIT Fakulta informatiky a informačných technológií  |T FIIT Ústav počítačového inžinierstva a aplikovanej informatiky  |X 92056  |U I400  |Y 672  |7 92056 
856 4 |u http://is.stuba.sk/zp/portal_zp.pl?podrobnosti=175321